LIBRARY & INFORMATION CENTRE, KCAET, TAVANUR

ONLINE PUBLIC ACCESS CATALOGUE (OPAC)

Programming in Basic (Record no. 18084)

MARC details
000 -LEADER
fixed length control field 00486nam a22001937a 4500
003 - CONTROL NUMBER IDENTIFIER
control field OSt
008 - FIXED-LENGTH DATA ELEMENTS--GENERAL INFORMATION
fixed length control field 240607b |||||||| |||| 00| 0 eng d
020 ## - INTERNATIONAL STANDARD BOOK NUMBER
ISBN 0-07-460055-g
020 ## - INTERNATIONAL STANDARD BOOK NUMBER
ISBN 978-0074600559
041 ## - LANGUAGE CODE
Language code of text/sound track or separate title eng
082 ## - DEWEY DECIMAL CLASSIFICATION NUMBER
Classification number 005.133 BAL/PR
100 ## - MAIN ENTRY--AUTHOR NAME
Personal name BALAGURUSWAMY, E
245 ## - TITLE STATEMENT
Title Programming in Basic
250 ## - EDITION STATEMENT
Edition statement 3rd
260 ## - PUBLICATION, DISTRIBUTION, ETC. (IMPRINT)
Place of publication NewDelhi:
Name of publisher Tata McGraw-Hill Publishing
Year of publication 1991
300 ## - PHYSICAL DESCRIPTION
Number of Pages 317pages
650 ## - SUBJECT ADDED ENTRY--TOPICAL TERM
Topical Term Computer Programming-Basic
942 ## - ADDED ENTRY ELEMENTS (KOHA)
Koha item type Books
Holdings
Withdrawn status Lost status Damaged status Home library Current library Shelving location Date acquired Full call number Accession Number Koha item type
      KAUAET KAUAET General Stacks 07/06/2016 005.133 BAL/PR 17996 Books
free website counter